000 00544nam a2200181 a 4500
005 20210223120755.0
008 010313s1975 mx r 000 0 spa d
035 _aUPN01000006830
049 _aCG
050 4 _aLB1725 I8
_bC3.8
245 0 0 _aCarta a una profesora :
_balumnos de Barbiana.
260 _aMéxico:
_bCultura Popular,
_c1975.
300 _a143 p.
440 3 _aEl libro popular.
_pEducación
650 4 _aEDUCACION -
_xINNOVACIONES -
_zITALIA
_915799
650 4 _aMAESTROS -
_xFORMACION PROFESIONAL -
_zITALIA
_9794
905 _aLibro
999 _c6830
_d6830